LIBRARY & INFORMATION CENTRE, KCAET, TAVANUR

ONLINE PUBLIC ACCESS CATALOGUE (OPAC)

Earth pressure and earth retaining structures / (Record no. 10395)

MARC details
000 -LEADER
fixed length control field 00465cam a2200169ua 4500
003 - CONTROL NUMBER IDENTIFIER
control field OSt
008 - FIXED-LENGTH DATA ELEMENTS--GENERAL INFORMATION
fixed length control field 250610b |||||||| |||| 00| 0 eng d
020 ## - INTERNATIONAL STANDARD BOOK NUMBER
ISBN 0 903384 51 5
041 ## - LANGUAGE CODE
Language code of text/sound track or separate title eng
082 ## - DEWEY DECIMAL CLASSIFICATION NUMBER
Classification number 624.171
Item number CLA/EA
100 ## - MAIN ENTRY--AUTHOR NAME
Personal name Clayton, C R I .
245 ## - TITLE STATEMENT
Title Earth pressure and earth retaining structures /
260 ## - PUBLICATION, DISTRIBUTION, ETC. (IMPRINT)
Place of publication London :
Name of publisher University of London Press Ltd ,
Year of publication 1986.
300 ## - PHYSICAL DESCRIPTION
Number of Pages 300 ; .
700 1# - ADDED ENTRY--PERSONAL NAME
Personal name Milititsky , J .
942 ## - ADDED ENTRY ELEMENTS (KOHA)
Koha item type Books
Holdings
Withdrawn status Lost status Damaged status Home library Current library Date acquired Full call number Accession Number Koha item type
      KAUAET KAUAET 27/03/1987 624.171 CLA/EA 16235 Books
free website counter